[Event "MEX-ch"]
[Site "Mexico City"]
[Date "2023.11.10"]
[Round "5"]
[White "Silva Hernandez, Jesus Arturo"]
[Black "Luna Javier, Edgar Froylan"]
[Result "0-1"]
[WhiteElo "1972"]
[BlackElo "2184"]
[PlyCount "62"]
[EventDate "2023.11.07"]
[EventType "swiss"]
[EventRounds "9"]
[EventCountry "MEX"]
[SourceTitle "CB46_2023"]
[SourceDate "2023.11.15"]
[SourceVersion "1"]
[SourceVersionDate "2023.11.15"]
[SourceQuality "1"]

1. d4 Nf6 2. Bf4 g6 3. Nc3 d5 4. h3 Bg7 5. Nf3 0-0 6. e3 c5 7. Be2 Nc6 8. 0-0 Ne4 9. a3 cxd4 10. exd4 Nxd4 11. Nxd4 e5 12. Be3 exd4 13. Bxd4 Nxc3 14. bxc3 Be6 15. Bf3 Qg5 16. Rb1 b6 17. Bxg7 Kxg7 18. Qd4+ Qf6 19. Rfd1 Rac8 20. Rb3 Rc4 21. Qxf6+ Kxf6 22. Rd4 Rc5 23. Kf1 Rfc8 24. Ke2 Rxc3 25. Kd2 Rxc2+ 26. Ke3 R8c3+ 27. Rxc3 Rxc3+ 28. Rd3 Rxd3+ 29. Kxd3 Ke5 30. Kc3 d4+ 31. Kb4 Bd5 0-1

[Event "Mexico City Latinoamericano op 1st"]
[Site "Mexico City"]
[Date "2021.11.07"]
[Round "6"]
[White "Vega Garcia, Jorge Arturo"]
[Black "Silva Hernandez, Jesus Arturo"]
[Result "1-0"]
[WhiteElo "2119"]
[BlackElo "1943"]
[PlyCount "172"]
[EventDate "2021.11.04"]
[EventType "swiss"]
[EventRounds "9"]
[EventCountry "MEX"]
[SourceTitle "EXT 2023"]
[Source "ChessBase"]
[SourceDate "2022.10.05"]
[SourceVersion "1"]
[SourceVersionDate "2022.10.05"]
[SourceQuality "1"]

1. e4 c5 2. Nf3 g6 3. g3 Nc6 4. Bg2 Bg7 5. 0-0 Nf6 6. d3 d6 7. Nbd2 0-0 8. a4 Rb8 9. Re1 Ne8 10. Nc4 Be6 11. Ng5 Bxc4 12. dxc4 h6 13. Nh3 Qd7 14. Nf4 Ne5 15. Qe2 Nc7 16. c3 f5 17. Rd1 g5 18. Nd3 Nxd3 19. Rxd3 f4 20. Bf3 Qe6 21. b3 Be5 22. Bd2 Rf7 23. Bh5 Rg7 24. Qg4 Qf6 25. Rf1 Rf8 26. Kh1 Ne6 27. Qh3 fxg3 28. hxg3 Rh7 29. Rf3 Nf4 30. gxf4 gxf4 31. Rg1+ Rg7 32. Rxg7+ Kxg7 33. Qg4+ Kh8 34. Qf5 Qxf5 35. exf5 Rxf5 36. Bg4 Rf6 37. a5 Kg7 38. Rh3 Kg6 39. Kg2 Kg5 40. Bf3 b6 41. axb6 axb6 42. Rh5+ Kg6 43. Rh1 Rf8 44. Ra1 Rb8 45. Bc6 Kf5 46. Kf3 h5 47. Rg1 Rh8 48. Be4+ Ke6 49. Rg6+ Kd7 50. Bf5+ Kc7 51. Ke4 h4 52. Bh3 Ra8 53. Re6 Kd8 54. Bxf4 Bxf4 55. Kxf4 Ra3 56. Re3 Rxb3 57. Be6 Rb2 58. f3 Rg2 59. Ke4 Rg6 60. Kf5 Rg3 61. Kf4 Rg6 62. Re2 Rf6+ 63. Kg4 h3 64. Bd5 e6 65. Be4 Ke7 66. Kxh3 Rh6+ 67. Kg2 Rh8 68. Ra2 Kf6 69. f4 Rb8 70. Rb2 Rg8+ 71. Kf3 Rb8 72. Ke3 Ke7 73. Kd3 Kf6 74. Rb1 Ke7 75. f5 exf5 76. Bxf5 Kf6 77. Bd7 Ke5 78. Bc6 Kf4 79. Re1 Rh8 80. Re6 Rh3+ 81. Kc2 Rh2+ 82. Kb3 Rd2 83. Bd5 b5 84. Rxd6 Rd3 85. Rf6+ Kg5 86. Rf3 Kh5 1-0

[Event "Mexico City Latinoamericano op 1st"]
[Site "Mexico City"]
[Date "2021.11.06"]
[Round "3"]
[White "Silva Hernandez, Jesus Arturo"]
[Black "Ortega Beltran, Ximena"]
[Result "1-0"]
[WhiteElo "1943"]
[BlackElo "1733"]
[PlyCount "57"]
[EventDate "2021.11.04"]
[EventType "swiss"]
[EventRounds "9"]
[EventCountry "MEX"]
[SourceTitle "EXT 2023"]
[Source "ChessBase"]
[SourceDate "2022.10.05"]
[SourceVersion "1"]
[SourceVersionDate "2022.10.05"]
[SourceQuality "1"]

1. d4 c5 2. c3 Nf6 3. Nf3 g6 4. Bf4 Bg7 5. e3 b6 6. Nbd2 Bb7 7. h3 0-0 8. Be2 d6 9. 0-0 Nbd7 10. Bh2 a6 11. a4 Ra7 12. b4 Qa8 13. Qb3 h6 14. a5 b5 15. bxc5 dxc5 16. c4 cxd4 17. exd4 Ne4 18. Nxe4 Bxe4 19. cxb5 axb5 20. Qxb5 Rb7 21. Qa4 Rb2 22. Rfe1 Nf6 23. Qa3 Rb7 24. a6 Rb6 25. Qxe7 Re8 26. Qc5 Rc6 27. Qa5 Bxf3 28. Bxf3 Rxe1+ 29. Qxe1 1-0